Central Library OPAC University of Rajshahi

বিবধ সমালোচনা / (Record no. 49243)

MARC details
000 -LEADER
fixed length control field 00832nam a2200229 a 4500
001 - CONTROL NUMBER
control field 49243
003 - CONTROL NUMBER IDENTIFIER
rucl marc code BD-RjUL
005 - DATE AND TIME OF LATEST TRANSACTION
control field 20211209054644.0
008 - FIXED-LENGTH DATA ELEMENTS--GENERAL INFORMATION
fixed length control field 160818s19761966BG |||| |||| 000 0 ben d
020 ## - INTERNATIONAL STANDARD BOOK NUMBER
Terms of availability : Tk. 12.00
035 ## - SYSTEM CONTROL NUMBER
System control number (BD-RjUL)49362
040 ## - CATALOGING SOURCE
Original cataloging agency BD-RjUL
Language of cataloging ben
Transcribing agency BD-RjUL
Modifying agency BD-RjUL
041 ## - LANGUAGE CODE
Language code of text/sound track or separate title ben
082 04 - DEWEY DECIMAL CLASSIFICATION NUMBER
Edition number 23
Classification number 891.4409
Author mark and year MAB 1976
100 1# - MAIN ENTRY--PERSONAL NAME
Personal name মালাকার, দিলীপ
9 (RLIN) 571
245 10 - TITLE STATEMENT
Title বিবধ সমালোচনা /
Statement of responsibility, etc. দিলীপ মালাকার
260 ## - PUBLICATION, DISTRIBUTION, ETC. (IMPRINT)
Place of publication, distribution, etc. ঢাকা :
Name of publisher, distributor, etc. বই বিথী,
Date of publication, distribution, etc. ১৯৭৬
300 ## - PHYSICAL DESCRIPTION
Pagination [৮], ১৫২ পৃ. ;
Size ২২ সেমি
650 #7 - SUBJECT ADDED ENTRY--TOPICAL TERM
Topical term or geographic name as entry element বাংলা সাহিত্য
9 (RLIN) 572
General subdivision ইতিহাস ও সমালোচনা
Topical term or geographic name as entry element Bangla literature.
9 (RLIN) 111833
General subdivision History and criticism
942 ## - ADDED ENTRY ELEMENTS (KOHA)
Source of classification or shelving scheme Dewey Decimal Classification
Koha item type Books
Holdings
Lost status Source of classification or shelving scheme Damaged status Not for loan Collection code Permanent Location Current Location Shelving location Date acquired Source of acquisition Cost, normal purchase price Total Checkouts Full call number Date last seen Copy number Koha item type
  Dewey Decimal Classification     Non-fiction Central Library, University of Rajshahi Central Library, University of Rajshahi   19/08/1976 Nowroze kitabistan 12.00   B 891.4409 MAB 1976 18/08/2016 C-2 Books
  Dewey Decimal Classification     Non-fiction Central Library, University of Rajshahi Central Library, University of Rajshahi   19/08/1976 Nowroze kitabistan 12.00   B 891.4409 MAB 1976 18/08/2016 C-3 Books
  Dewey Decimal Classification     Non-fiction Central Library, University of Rajshahi Central Library, University of Rajshahi   19/08/1976 Nowroj kitabistan,Dhaka 12.00   B 891.4409 MAB 1976 24/11/2016 C-4 Books